| 000 | 00982nam a22003137a 4500 | ||
|---|---|---|---|
| 003 | CHAP | ||
| 005 | 20220817042513.0 | ||
| 008 | 971013s r 00010 d | ||
| 010 | _a46553 | ||
| 011 | _a47525 | ||
| 035 | _a51667 | ||
| 040 | _cCHAP | ||
| 082 |
_a378 _bU66 |
||
| 110 | _aUniversidad Autónoma de Yucatán | ||
| 245 | _aInvestigaciones en proceso 198- | ||
| 260 |
_aMérida, Yuc. : _bLa Universidad, _c198- |
||
| 300 | _av. | ||
| 500 | _aLa biblioteca tiene: 1980-81 | ||
| 590 |
_aBATCH-UPD _b10 _c20130110 _lUCH01 _h1618 |
||
| 590 |
_aBATCH-UPD _b10 _c20130410 _lUCH01 _h1013 |
||
| 590 |
_aBATCH-UPD _b10 _c20130914 _lUCH01 _h1245 |
||
| 590 |
_aCONVERSION _b10 _c20130109 _lUCH01 _h1325 |
||
| 650 | 1 | 4 | _aEducación superior. |
| 650 | 1 | 4 |
_aUniversidades _xAdministración. _9116596 |
| 650 | 1 | 4 |
_aUniversidades _xInvestigación _xYucatán. _9116648 |
| 901 | _aBK | ||
| 942 | _cLIBRO | ||
| 949 |
_a378 U66 _bBC _cLIBRO _d33724000151056 _eLIBRO _f1980-81 _h60361 _i51667 _mD _si |
||
| 999 |
_c46553 _d46553 |
||